| 000 | 00764nam a2200253Ia 4500 | ||
|---|---|---|---|
| 003 | OSt | ||
| 005 | 20221005043557.0 | ||
| 006 | a|||||r|||| 00| 0 | ||
| 007 | ta | ||
| 008 | 221004b |||||||| |||| 00| 0 eng d | ||
| 024 | _a66011 | ||
| 037 | _cTextual | ||
| 040 |
_aCRL _cCRL _beng |
||
| 041 |
_2eng _aeng |
||
| 082 | _aV55.M13<-M07, L3 | ||
| 100 |
_aBerding Helmut _9591712 |
||
| 245 | 0 | _aNapoleonische herrschafts-und geselischaftspolitik im konigreich westfalen 1807-1813 | |
| 260 |
_aGottingen _bVandenhoieck und Ruprecht. _c1973 |
||
| 300 |
_a160p _ccm. |
||
| 490 | _aKritische studien zur geschicht swissenschaft; 7 | ||
| 650 | _aHISTORY | ||
| 942 |
_hV55.M13<-M07, L3 _cTEXL _2cc |
||
| 999 |
_c952089 _d952089 |
||